000 00475nam a22001697a 4500
999 _c3712
_d3712
003 GBCCL
005 20241126110501.0
008 171205b xxu||||| |||| 00| 0 eng d
040 _cgbc
082 _a223.2061
_bIRO
100 _aIronside, H. A.
_97346
245 _aStudies on book one of the Psalms /
_cH. A. Ironside
260 _aNew York:
_bLoizeaux Brothers, Inc.,
_c1963
300 _a150p.;
_c20 cm.
650 _aBible
_vPsalms
_xcommentaries
_97533
942 _2ddc
_cBK
_07